Fiskálna politika, fiskálna únia a vyrovnaný rozpočet

Diskusia o potrebe fiskálnej jednoty v štátoch EÚ a o vyrovnanom štátnom rozpočte.

Guardado en:
Detalles Bibliográficos
Autor principal: Husár, Jaroslav
Formato: Capítulo de libro
Lenguaje:eslovaco
Materias:
Etiquetas: Agregar Etiqueta
Sin Etiquetas, Sea el primero en etiquetar este registro!

MARC

LEADER 00000naa a2200000 4500
001 0161027
005 20231011110551.1
041 0 |a slo 
044 |a SK 
245 1 0 |a Fiskálna politika, fiskálna únia a vyrovnaný rozpočet  |c Jaroslav Husár 
520 |a Diskusia o potrebe fiskálnej jednoty v štátoch EÚ a o vyrovnanom štátnom rozpočte. 
610 2 0 |a politika fiškálna 
610 2 0 |a Európska menová únia 
610 2 0 |a modely ekonometrické 
610 2 0 |a rozpočet spoločný 
100 1 |a Husár, Jaroslav